[Event "Krakow Olimpic op"]
[Site "Krakow"]
[Date "2019.10.05"]
[Round "3"]
[White "Swierczynski, Jan"]
[Black "Jedrzejczak, Lukasz"]
[Result "1/2-1/2"]
[WhiteElo "1225"]
[BlackElo "1422"]
[PlyCount "101"]
[EventDate "2019.10.04"]
[EventType "swiss"]
[EventRounds "5"]
[EventCountry "POL"]
[SourceTitle "EXT 2020"]
[Source "ChessBase"]
[SourceDate "2019.10.17"]
[SourceVersion "1"]
[SourceVersionDate "2019.10.17"]
[SourceQuality "1"]

1. e4 c5 2. Nf3 Nc6 3. d4 cxd4 4. Nxd4 g6 5. Nc3 Bg7 6. Nb3 Nf6 7. Be3 0-0 8. f3 d6 9. h4 Be6 10. g4 Ne5 11. Be2 a6 12. h5 Rc8 13. Nd4 Bc4 14. Qd2 Bxe2 15. Qxe2 Nc4 16. Rb1 Nxe3 17. Qxe3 Qb6 18. Kd2 Nxg4 19. fxg4 Qxd4+ 20. Qxd4 Bxd4 21. Nd5 Rfe8 22. c3 Be5 23. hxg6 fxg6 24. Rh3 e6 25. Nb4 Re7 26. Nd3 Bh8 27. Rbh1 Rf8 28. Ke3 Rff7 29. Nf4 Be5 30. Nd3 Bf6 31. Rg3 Bg5+ 32. Ke2 Kf8 33. Rgh3 Ke8 34. Rf3 Rxf3 35. Kxf3 Rf7+ 36. Kg3 Kd7 37. e5 Kc6 38. Nb4+ Kc5 39. exd6 Bf4+ 40. Kg2 Bxd6 41. Re1 e5 42. Nd3+ Kd5 43. Rd1 Ke6 44. Nf2 Rf4 45. Kg3 h6 46. Rh1 Bf8 47. Nd3 Rf7 48. Re1 Bd6 49. Nf2 Be7 50. Nd3 Bf6 51. Nf4+ 1/2-1/2